| 000 | 00498nam a2200145Ia 4500 | ||
|---|---|---|---|
| 008 | 220217s9999 xx 000 0 und d | ||
| 245 | 0 | _aMethods of testing vulcanized rubber. Part A 47. Analysis of multi-peak traces obtained in determinations of tear strength and adhesion strength. | |
| 260 | _c1982 | ||
| 500 | _aStandard number: BS 903 Part A 47 ISO 6133; 1981 | ||
| 650 | _aAdhesion strength | ||
| 650 | _aKeywords | ||
| 650 | _aTear strength | ||
| 650 | _aVulcanized rubber | ||
| 942 | _cST | ||
| 999 |
_c73192 _d73192 |
||